000 00985nam a2200253 i 4500
001 157462
003 ES-MaACL
005 20250822051958.0
008 040810q18901900fr |||| | fre d
040 _aCAM
_bspa
_cCAM
100 1 _aLegouvé, Ernest.
_971292
245 1 2 _aL'art de la lecture /
_cpar Ernest Legouvé.
250 _a18e éd. ; Nouvelle éd. rev. et augm. de deux chapitres a l'usage de l'enseignement secondaire.
260 _aParis :
_bJ. Hetzel et cie,
_c[s.a.] (
_fTypographie Lahure)
300 _a208 p. ;
_c18 cm.
490 1 _aBibliothèque d'Education et de Récreation
595 _aPrimera mención de ed. precede al tit.
596 _aProbablemente impreso en la última década del siglo XIX.
650 7 _aLectura oral
_2embne
_9159454
650 4 _aPoesía-
_xLectura en público.
_9159455
830 0 0 _aBibliothèque d'éducation et de récréation
_9188119
852 _aES-MaACL
_jG-8812
_z-- Enc. hol.
999 _c157462
_d157462